000 00238nam a22000857a 4500
999 _c11743
_d11743
008 200113b ||||| |||| 00| 0 eng d
100 _aSeuss,Dr
_91474
245 _aThe 500 Hats of Bartholomew Cubbins
260 _aNew York
_bVanguard Press
_c1938